| 000 | 01153nam a2200349 i 4500 | ||
|---|---|---|---|
| 001 | 70092 | ||
| 003 | Mx-PuUPA | ||
| 005 | 20230612133117.0 | ||
| 008 | 230612s2018 mx ad gr 000 0 spa d | ||
| 020 | _a9786077447214 | ||
| 040 |
_aMx-PuUPA _bspa _cMx-PuUPA _dMx-PuUPA _erda |
||
| 041 | 0 | _aspa | |
| 100 | 1 |
_aPérez Montiel, Héctor, _914290 _eautor |
|
| 245 | 1 | 0 |
_aFísica general / _cHéctor Pérez Montiel |
| 250 | _aSexta edición | ||
| 264 | 1 |
_aCiudad de México : _bPatria Educación, _c2018 |
|
| 300 |
_a625 páginas : _bilustraciones, gráficas ; _c27 cm |
||
| 336 |
_2rdacontent _atexto _btxt |
||
| 337 |
_2rdamedia _asin medio _bn |
||
| 338 |
_2rdacarrier _avolumen _bnc |
||
| 490 | 0 | _aBachiller | |
| 545 | _aReimpresiones: (Primera, 2019). | ||
| 545 | _aReimpresiones: (Segunda, 2023). | ||
| 650 | 7 |
_2armarc _aFísica |
|
| 650 | 7 |
_2armarc _aFísica _vProblemas, ejercicios, etc. |
|
| 650 | 7 |
_2armarc _aFísica _xEstudio, enseñanza |
|
| 942 |
_2ddc _cLI _h530 _iP426 |
||
| 999 |
_c70092 _d70092 |
||